日本にある"県庁前"を通る公共交通の事業者 - Statistics

General Stats
  • This quiz has been taken 58 times
  • The average score is 19 of 71
Answer Stats
Answer % Correct
富山 富山地方鉄道
85%
千葉 千葉都市モノレール
85%
沖縄 ゆいレール
80%
愛媛 伊予鉄道
78%
高知 とさでん
76%
広島 広島電鉄
76%
広島 アストラムライン
59%
茨城 茨城交通
50%
茨城 茨城交通
50%
福岡 西鉄バス
46%
滋賀 京阪バス
44%
三重 三重交通
44%
福島 福島交通
44%
石川 北陸鉄道
44%
山梨 山梨交通
41%
新潟 新潟交通
41%
宮崎 宮崎交通
39%
茨城 関東鉄道
37%
鹿児島 鹿児島交通
37%
茨城 関東鉄道
37%
長野 長電バス
35%
徳島 徳島バス
35%
愛媛 伊予鉄バス
33%
大分 大分交通
33%
滋賀 近江鉄道
31%
岡山 両備バス
30%
高知 とさでん交通
30%
埼玉 国際興業バス
28%
栃木 JRバス関東
28%
茨城 JRバス関東
28%
栃木 関東自動車
26%
和歌山 和歌山バス
26%
和歌山 和歌山バス
26%
長野 アルピコ交通
24%
群馬 群馬バス
20%
岡山 岡電バス
20%
山口 防長交通
20%
青森 青森市営バス
19%
鹿児島 鹿児島市営バス
19%
群馬 日本中央バス
17%
鹿児島 南国交通
17%
沖縄 那覇バス
17%
秋田 羽後交通
15%
滋賀 湖国バス
13%
山形 山交バス
13%
徳島 徳島市営バス
13%
佐賀 佐賀市営バス
13%
佐賀 祐徳自動車
13%
大分 大分バス
13%
佐賀 佐賀市営バス
13%
千葉 小湊鐵道
9%
奈良 奈良交通バス
9%
群馬 関越交通
9%
群馬 群馬中央バス
9%
沖縄 琉球バス交通
9%
茨城 関鉄グリーンバス
7%
青森 青森市バス
7%
群馬 永井運輸
7%
佐賀 昭和自動車
7%
愛媛 JR四国バス
7%
滋賀 江若交通バス
4%
和歌山 有田鉄道
4%
石川 北鉄能登バス
4%
高知 高知東部交通
4%
石川 北鉄奥能登バス
2%
高知 県交北部交通
2%
熊本 熊本都市バス
2%
群馬 上信交通バス
0%
群馬 前橋市コミュニティ
0%
長野 長野市コミュニティ
0%
宮城 東日本急行
0%
No matching quizzes found
Score Distribution
Percent of People with Each Score
Percentile by Number Answered
Your Score History
You have not taken this quiz